[Event "Lombardia Region-ch"]
[Site "Solaro"]
[Date "2010.05.29"]
[Round "2"]
[White "D'Alessio, Angelo"]
[Black "Binda, Federico"]
[Result "1-0"]
[WhiteElo "2037"]
[BlackElo "1506"]
[PlyCount "55"]
[EventDate "2010.05.28"]
[EventType "swiss"]
[EventRounds "5"]
[EventCountry "ITA"]
[SourceTitle "EXT 2024"]
[Source "ChessBase"]
[SourceDate "2023.10.10"]
[SourceVersion "1"]
[SourceVersionDate "2023.10.10"]
[SourceQuality "1"]

1. d4 d5 2. c4 c6 3. Nc3 Nf6 4. Nf3 dxc4 5. a4 Bf5 6. Ne5 Nbd7 7. Nxc4 e6 8. f3 Bb4 9. e4 Bxe4 10. fxe4 Nxe4 11. Qd3 Qh4+ 12. g3 Nxg3 13. Qxg3 Qe4+ 14. Kf2 Qxd4+ 15. Kg2 Nf6 16. Be3 Qg4 17. Qxg4 Nxg4 18. Be2 Nf6 19. Bf3 0-0 20. Rhd1 Rfe8 21. Nd6 Bxd6 22. Rxd6 Nd5 23. Nxd5 exd5 24. Bf2 g6 25. Rd7 b6 26. Rc1 Re6 27. Rc7 c5 28. Bxd5 1-0